书目信息 |
| 题名: |
多种经营一百例
|
|
| 作者: | ;江苏省射阳县科学技术委员会 , 江苏省科学技术情报研究所 编 | |
| 分册: | ||
| 出版信息: | 北京 农村读物出版社 1982 |
|
| 页数: | 284页 | |
| 开本: | 19cm | |
| 丛书名: | 多种经营丛书 | |
| 单 册: | ||
| 中图分类: | F319 | |
| 科图分类: | ||
| 主题词: | 多种经营-科学技术--中国 , 科学技术-多种经营--中国 , 农业经济--世界 | |
| 电子资源: | ||
| ISBN: | ||
| 000 | 00949nam2 2200289 45 | |
| 001 | 0182008744 | |
| 005 | 20060911110705.48 | |
| 010 | @dCNY0.72 | |
| 091 | @aCN@b4267.1 | |
| 100 | @a19950428d1982 em y0chiy0121 ea | |
| 101 | 0 | @achi |
| 102 | @aCN@b110000 | |
| 105 | @ay z 000yy | |
| 200 | 10 | @a多种经营一百例@Aduo zhong jing ying yi bai li@f江苏省射阳县科学技术委员会,江苏省科学技术情报研究所编 |
| 210 | @a北京@c农村读物出版社@d1982 | |
| 215 | @a284页@d19cm | |
| 225 | 2 | @a多种经营丛书 |
| 410 | 0 | @120010@a多种经营丛书 |
| 606 | @a多种经营-科学技术@y中国 | |
| 606 | @a科学技术-多种经营@y中国 | |
| 606 | 0 | @a农业经济@x世界 |
| 690 | @aF319@v3 | |
| 711 | 02 | @a江苏省射阳县科学技术委员会@Ajiang su sheng she yang xian ke xue ji shu wei yuan hui@4编 |
| 711 | 02 | @a江苏省科学技术情报研究所@Ajiang su sheng ke xue ji shu qing bao yan jiu suo@4编 |
| 801 | 0 | @aCN@bTSSF@c20060911 |
| 801 | 2 | @aCN@bNLC@c20060819 |
| 905 | @a10447@dF319@e6 | |
| 多种经营一百例/江苏省射阳县科学技术委员会,江苏省科学技术情报研究所编.-北京:农村读物出版社,1982 |
| 284页;19cm.-(多种经营丛书) |
| ISBN :CNY0.72 |
| ● |
| 相关链接 |
|
|
|
|
正题名:多种经营一百例
索取号:F319/6
 
预约/预借
| 序号 | 登录号 | 条形码 | 馆藏地/架位号 | 状态 | 备注 |
| 1 | 0471133 | 204711339 | 密集书库/ [索取号:F319/6] | 在馆 | |
| 2 | 0471923 | 204719233 | 密集书库/ [索取号:F319/6] | 在馆 |